Catálogo

Vista normal Vista MARC

Entrada Personal Name

Número de registros utilizados en: 1

001 - CONTROL NUMBER

  • control field: 11023

003 - CONTROL NUMBER IDENTIFIER

  • control field: DLC

005 - DATE AND TIME OF LATEST TRANSACTION

  • control field: 20201020100721.0

008 - FIXED-LENGTH DATA ELEMENTS

  • fixed length control field: 821015n| azannaabn |a aaa

010 ## - LIBRARY OF CONGRESS CONTROL NUMBER

  • LC control number: n 82140431

016 ## - NATIONAL BIBLIOGRAPHIC AGENCY CONTROL NUMBER

  • Record control number: 0076D0745E

035 ## - SYSTEM CONTROL NUMBER

  • System control number: (OCoLC)oca00836562

040 ## - CATALOGING SOURCE

  • Original cataloging agency: DLC
  • Language of cataloging: spa
  • Description conventions: rda
  • Transcribing agency: Mx-PuUPA
  • Modifying agency: OU
  • Modifying agency: CaOONL
  • Modifying agency: Mx-PuUPA

042 ## - AUTHENTICATION CODE

  • Authentication code: nlc

046 ## - SPECIAL CODED DATES

  • Birth date: 19471218
  • Source of date scheme: edtf

100 1# - HEADING--PERSONAL NAME

  • Personal name: Feldman, Robert S.,
  • Fuller form of name: (Robert Stephen),
  • Dates associated with a name: 1947-

370 ## - ASSOCIATED PLACE

  • Associated country: Estados Unidos
  • Place of residence/headquarters: Amherst (Mass. : Town)
  • Source of term: naf

373 ## - ASSOCIATED GROUP

  • Associated group: University of Massachusetts Amherst
  • Source of term: naf

374 ## - OCCUPATION

  • Occupation: Autor

375 ## - GENDER

  • Gender: hombre
  • Source of term: lcsh

377 ## - ASSOCIATED LANGUAGE

  • Language code: eng

378 ## - FULLER FORM OF PERSONAL NAME

  • Fuller form of personal name: Robert Stephen

400 1# - SEE FROM TRACING--PERSONAL NAME

  • Personal name: Feldman, Robert Stephen,
  • Dates associated with a name: 1947-

670 ## - SOURCE DATA FOUND

  • Source citation: Development of nonverbal behavior in children, c1982 (a.e.)
  • Information found: CIP t.p. (Robert S. Feldman)

670 ## - SOURCE DATA FOUND

  • Source citation: Info from pub. 9/10/82
  • Information found: (Robert Stephen Feldman)

670 ## - SOURCE DATA FOUND

  • Source citation: Direct. Amer. Psychol. Assoc., 1978
  • Information found: (Robert Stephen Feldman; b. 12/18/47; Ph. D., Univ. of Wis.)

670 ## - SOURCE DATA FOUND

  • Source citation: Call to Dr. Feldman, 9/10/82, Univ. of Mass., Amherst
  • Information found: (Robert Stephen Feldman; author of: Effect of tutee performance on tutor's verbal ..., Four studies on attribution ..., Nonverbal disclosure of ...; should not be confused with Robert Simion Feldman also in Psych. Dept., Univ. of Mass., Amherst)

670 ## - SOURCE DATA FOUND

  • Source citation: Psychology and your life with POWER learning, 2018, ©2018:
  • Information found: title page (Robert S. Feldman, University of Massachusetts Amherst)

670 ## - SOURCE DATA FOUND

  • Source citation: Biblioteca del congreso (Estados Unidos), 21 septiembre 2020:
  • Information found: Catálogo electrónico
  • Uniform Resource Identifier: https://bit.ly/3mJZPIW